|
|
|
|
| LEADER |
00000nam a2200000 a 4500 |
| 001 |
vtls010551211 |
| 003 |
SK-MaSNL |
| 005 |
20260425235848.0 |
| 008 |
240314s2013 xo o e n 000 0 slo |
| 015 |
|
|
|a SNBA2013/10
|
| 020 |
|
|
|a 9788096966899
|q (brož.)
|
| 035 |
|
|
|a 7EEA2F0B-4A87-4316-9128-686F9B733716
|
| 035 |
|
|
|a urn:nbn:sk:snk-aml62e
|
| 035 |
|
|
|a urn:nbn:sk:snk-am008v0y
|
| 040 |
|
|
|a SNK
|b slo
|c SNK
|e AACR2
|
| 041 |
0 |
|
|a slo
|
| 043 |
|
|
|a e-xo---
|
| 044 |
|
|
|a xo
|c SK
|
| 072 |
|
7 |
|a 797
|x Vodné športy. Letecké športy
|2 konspekt
|
| 080 |
|
|
|a 797.253
|2 2001
|
| 080 |
|
|
|a (437.6)
|2 2001
|
| 080 |
|
|
|a (048.8)
|2 2001
|
| 100 |
1 |
|
|a Jarušek, František
|4 aut
|9 547192
|
| 245 |
1 |
0 |
|a História vodného póla na Slovensku
|b 1919-2005
|c František Jarušek a kolektív
|
| 250 |
|
|
|a [1. vyd.]
|
| 260 |
|
|
|a Bratislava
|b Artwell Creative
|c 2013
|
| 300 |
|
|
|a 192 s.
|b fotogr.
|c 21 cm
|
| 366 |
|
|
|e 300 výt.
|
| 500 |
|
|
|a Vydané pre Národné športové centrum a Slovenský zväz vodného póla
|
| 504 |
|
|
|a Bibliogr.: s. 188-189
|
| 650 |
0 |
7 |
|a vodné pólo
|2 SNKPH
|9 3219
|
| 650 |
0 |
7 |
|a Water pole
|2 SNKPHeng
|9 547193
|
| 651 |
|
7 |
|a Slovensko
|2 SNKPH
|9 14231
|
| 651 |
|
7 |
|a Slovakia
|2 SNKPHeng
|9 92630
|
| 655 |
|
7 |
|a prehľady
|2 SNKPH
|9 70194
|
| 655 |
|
7 |
|a Surveys
|2 SNKPHeng
|9 266058
|
| 710 |
2 |
|
|a Slovenský zväz vodného póla
|4 pbl
|9 31616
|
| 710 |
2 |
|
|a Národné športové centrum (Bratislava, Slovensko)
|4 pbl
|9 473773
|
| 919 |
|
|
|a 978-80-969668-9-9
|
| 958 |
|
|
|a NB
|
| 999 |
|
|
|c 840013
|d 841943
|
| 952 |
|
|
|a SNK
|b SNK
|y PREZ
|7 0
|p 17A1091202
|o snkSC 156508
|i snk2013/25114
|8 0
|0 0
|1 0
|4 0
|d 2013-10-16
|f 1
|l 0
|r 2025-08-18 00:00:00
|w 2026-02-24
|
| 952 |
|
|
|a SNK
|b SNKPULT
|y VYP
|7 0
|p 17A1091203
|o snkSC 156508 D1
|i snk2013/25115
|8 0
|0 0
|1 0
|4 0
|d 2013-10-16
|l 1
|m 1
|q 2026-05-04
|r 2026-02-28 19:00:47
|s 2026-02-28
|w 2026-02-24
|